000 00565nam a2200217Ia 4500
003 OSt
005 20220928135624.0
006 a|||||r|||| 00| 0
007 ta
008 220927b |||||||| |||| 00| 0 eng d
024 _a3957
037 _cTextual
040 _aSDCL
_cSDCL
_beng
041 _2eng
_aeng
082 _aO-,1M65:g, L3
100 _aSnukal Robert
_9492181
245 0 _aHigh talk
_b The philosophical poetry of W B Yeats
260 _c1973
942 _hO-,1M65:g, L3
_cTEXL
_2CC
999 _c807665
_d807665